<?xml version="1.0" encoding="UTF-8"?>
<record
    xmlns:xsi="http://www.w3.org/2001/XMLSchema-instance"
    xsi:schemaLocation="http://www.loc.gov/MARC21/slim http://www.loc.gov/standards/marcxml/schema/MARC21slim.xsd"
    xmlns="http://www.loc.gov/MARC21/slim">

  <leader>02185nam a2200289 i 4500</leader>
  <controlfield tag="001">68721</controlfield>
  <controlfield tag="003">ES-MaACL</controlfield>
  <controlfield tag="005">20250814064713.0</controlfield>
  <controlfield tag="007">t|</controlfield>
  <controlfield tag="008">960826m18551861fr           ||||1| lat d</controlfield>
  <datafield tag="040" ind1=" " ind2=" ">
    <subfield code="a">CAM </subfield>
    <subfield code="b">spa </subfield>
    <subfield code="c">CAM</subfield>
  </datafield>
  <datafield tag="245" ind1="0" ind2="0">
    <subfield code="a">Geographi graeci minores / </subfield>
    <subfield code="c">e codicibus recognovit, prolegomenis, annotatione, indicibus instruxit, tabulis aeri incisis illustravit Carolus Mullerus.</subfield>
  </datafield>
  <datafield tag="260" ind1=" " ind2=" ">
    <subfield code="a">Parisiis : </subfield>
    <subfield code="b">editore Ambrosio Firmin Didot, </subfield>
    <subfield code="c">1855-1861 (</subfield>
    <subfield code="f">excudebant Firmin Didot frates)</subfield>
  </datafield>
  <datafield tag="300" ind1=" " ind2=" ">
    <subfield code="a">3 v. ; </subfield>
    <subfield code="c">27 cm.</subfield>
  </datafield>
  <datafield tag="490" ind1="1" ind2=" ">
    <subfield code="a">Scriptorum graecorum bibliotheca ; </subfield>
    <subfield code="v">44-46</subfield>
  </datafield>
  <datafield tag="500" ind1=" " ind2=" ">
    <subfield code="a">Vol. 3: Tabulae in geographos graecos minores.</subfield>
  </datafield>
  <datafield tag="505" ind1="8" ind2=" ">
    <subfield code="a">Mapas y planos incluidos: [V. 3: 1-2. Africa. NO. Itinerarios. S. IV-III a.C. (1855). 3. Mediterr&#xE1;neo. O. (Mar). Itinerarios. S. IV-III a.C. (1855). 4. Egeo (Islas). Itinerarios. S. IV-III a.C. (1855). 5. Mar Negro. Itinerarios. S. IV-III a.C. (1855). 5 Bis. Mediterr&#xE1;neo. E. (Mar). Itinerarios. S. IV-III a.C. (1855). 6-8. Mar Rojo. Mapas generales. S. II a. C. (1855). 9. &#xC9;ufrates (R&#xED;o). Itinerarios. S. I a. C. (1855). 10. Persia. Itinerarios. S. II a. C. (1855). 11. &#xCD;ndico (Oc&#xE9;ano). Itinerarios. S. III-I a. C. (1855). 12. Libia. E. Itinerarios. S. III-I a. C. (1855). 13. Arabia. Costas. S. I a.C. (1855). 14. India. Costas. S. III-I a. C. (1855). 15. &#xCD;ndico (Oc&#xE9;ano). Costas. S. I I (1855). 16 -18. Mar Negro. Itinerarios. S. I I (1855). 19-23. Libia. Costas. S. I-II (1855). 24. Cilicia. Costas. S. II-III (1855). 25. Asia Menor. Costas. S. III (1855). 26. Chipre (Isla). Costas. S. III-IV. (1855). 27. Creta (Grecia) (Isla). Mapas generales. 1855. 28. &#xCD;ndico (Oc&#xE9;ano). Itinerarios. S. IV (1855). 29. Europa. Itinerarios. S. IV (1855).]</subfield>
  </datafield>
  <datafield tag="530" ind1=" " ind2=" ">
    <subfield code="a">Disponible en formato digital.</subfield>
  </datafield>
  <datafield tag="546" ind1=" " ind2=" ">
    <subfield code="a">Texto en griego y lat&#xED;n.</subfield>
  </datafield>
  <datafield tag="597" ind1=" " ind2=" ">
    <subfield code="a">Texto a 2 col.</subfield>
  </datafield>
  <datafield tag="650" ind1=" " ind2="7">
    <subfield code="a">Geograf&#xED;a antigua</subfield>
    <subfield code="2">embne</subfield>
    <subfield code="9">136173</subfield>
  </datafield>
  <datafield tag="700" ind1="1" ind2=" ">
    <subfield code="a">M&#xFC;ller, Karl, </subfield>
    <subfield code="d">1813-1894</subfield>
    <subfield code="9">84133</subfield>
  </datafield>
  <datafield tag="830" ind1="0" ind2=" ">
    <subfield code="a">Scriptorum graecorum bibliotheca ; </subfield>
    <subfield code="v">44-46</subfield>
    <subfield code="9">182435</subfield>
  </datafield>
  <datafield tag="852" ind1=" " ind2=" ">
    <subfield code="a">ES-MaACL</subfield>
    <subfield code="j">B-2452-54</subfield>
  </datafield>
  <datafield tag="856" ind1=" " ind2=" ">
    <subfield code="u">http://bdh-rd.bne.es/viewer.vm?id=0000001224&amp;page=1 </subfield>
    <subfield code="z">Biblioteca Digital Hisp&#xE1;nica</subfield>
  </datafield>
  <datafield tag="999" ind1=" " ind2=" ">
    <subfield code="c">68721</subfield>
    <subfield code="d">68721</subfield>
  </datafield>
  <datafield tag="952" ind1=" " ind2=" ">
    <subfield code="0">0</subfield>
    <subfield code="1">0</subfield>
    <subfield code="4">0</subfield>
    <subfield code="7">0</subfield>
    <subfield code="8">Colecci&#xF3;n_digital</subfield>
    <subfield code="a">ATENEOM</subfield>
    <subfield code="b">ATENEOM</subfield>
    <subfield code="c">SPB</subfield>
    <subfield code="d">2008-01-17</subfield>
    <subfield code="e">SC</subfield>
    <subfield code="l">0</subfield>
    <subfield code="o">B-2452-54</subfield>
    <subfield code="p">1071950</subfield>
    <subfield code="r">2023-02-23 00:00:00</subfield>
    <subfield code="w">2023-02-23</subfield>
    <subfield code="y">MONANT</subfield>
  </datafield>
</record>
